| 000 | 00000nam##2200000za#4500 |
| 001 | 9.569510 |
| 003 | CaOODSP |
| 005 | 20210624181813 |
| 007 | cr ||||||||||| |
| 008 | 150406|2003||||xxc|||||o f|0| 0 eng|d |
| 040 | |aCaOODSP|beng |
| 043 | |an-cn--- |
| 086 | 1 |aNH18-1/2-2003E-PDF |
| 110 | 2 |aCanada Mortgage and Housing Corporation. |
| 245 | 10|aAffordable housing in Canada's urban communities : |h[electronic resource]|ba literature review / |cprepared by Sharon Chisholm. |
| 260 | |aOttawa - Ontario : |bCanada Mortgage and Housing Corporation |c2003. |
| 300 | |a63p.|bgraphs |
| 490 | 1 |aResearch report |
| 504 | |aBibliography. |
| 590 | |a11-08-Supp|b2011-06-16 |
| 720 | 1 |aChisholm, Sharon |
| 775 | 08|tLe logement abordable dans les collectivités urbaines du Canada : |w(CaOODSP)9.600613 |
| 776 | 0#|tAffordable housing in Canada's urban communities : |w(CaOODSP)9.616541 |
| 830 | #0|aResearch report (Canada Mortgage and Housing Corporation : Online)|w(CaOODSP)9.506068 |
| 856 | 40|ahttp://publications.gc.ca|qPDF|s439 KB|uhttps://publications.gc.ca/collections/collection_2011/schl-cmhc/nh18-1/NH18-1-2-2003-eng.pdf |